000 003440000a22001090004500
090 _aAS
_bSeriadas
245 1 0 _aObservaciones sobre los primates del bajo río Miriti, Panama, Amazonas Colombia
041 0 _aEspañol
100 1 _aDefler, Thomas R.
_96444
942 _cARTICULO
773 1 _tLozania: Acta Zoológica Colombiana
_3375
_h46
_q1-13
_d1983
999 _c15173
_d15173